| 000 | 00459nam a22001817a 4500 | ||
|---|---|---|---|
| 003 | Ost | ||
| 005 | 20220829231005.0 | ||
| 008 | 220829b |||||||| |||| 00| 0 eng d | ||
| 020 | _aNA | ||
| 040 | _cBT-PhCST | ||
| 050 | _a4335 | ||
| 082 |
_222 _a621.38412 |
||
| 100 | _aLudwig, Reinhold and Bretchko, Pavel. | ||
| 245 |
_aRF circuit design : _btheory and applications / |
||
| 260 |
_bPearson Education, _cc2004. |
||
| 300 |
_a0 _bill. ; |
||
| 942 |
_2ddc _cEE _02 |
||
| 999 |
_c2356 _d2356 |
||